| 000 | 02175nam a2200277 a 4500 | ||
|---|---|---|---|
| 001 | ASIN1439813361 | ||
| 003 | Nust- CAS-E | ||
| 005 | 20180118181352.0 | ||
| 008 | 140203s2009 xxu eng d | ||
| 020 |
_a1439813361 (hardcover) _c$209.95 |
||
| 020 | _a9781439813362 | ||
| 040 | _c0 | ||
| 050 | 0 | 4 | _aTK2931 |
| 082 | 0 | 4 |
_a621.3124 _223 _bHUA 2009 |
| 100 | _4Huang,Kevin | ||
| 245 | 1 | 0 |
_aSolid oxide fuel cell technology : _bprinciples, performance and operations / _cK. Huang, J.B. Goodenough. |
| 250 | _a1st ed. | ||
| 260 |
_a[S.l.] : _bCRC Press, _c2009. |
||
| 300 |
_a340 p. ; _c24 cm. |
||
| 520 | _aHigh temperature solid oxide fuel cell (SOFC) technology is a promising power generation option that features high electrical efficiency and low emissions of environmentally polluting gases, such as CO2, Nox, and Sox. The technology is ideal for distributed stationary power generation applications where both high efficiency electricity and high quality heat are in strong demand. For the past few decades, SOFC technology has attracted intense worldwide R&D effort and, along with polymer electrolyte membrane fuel cell (PEMFC) technology, has undergone extensive commercialization development. This systematic, in-depth book provides comprehensive theoretical analysis and innovative characterization techniques for SOFC technology. It first deals with the basics and development of SOFC technology, from cell materials to fundamental thermodynamics, electronic properties of solids, and charged particle transport. Coverage includes a thorough analysis of such operational features as current flow and energy balance as well as voltage losses and electrical efficiency. Chapters on performance characterization, fuel processing, and electrode poisoning cover the important issues of fuel cell stability and durability. The text concludes with a review for SOFC materials and fabrication techniques.http://chopac.org/tools/azn2marc.user.js | ||
| 650 | 0 | _aSolid oxide fuel cells | |
| 700 | 1 | _aGoodenough, J.B. | |
| 700 | 1 | _aHuang, K. | |
| 856 | 4 | 0 |
_3Amazon.com _uhttp://www.amazon.com/exec/obidos/ASIN/1439813361/chopaconline-20 |
| 942 |
_2ddc _cBK |
||
| 999 |
_c355188 _d355188 |
||